| 000 | 01023naa a22002897a 4500 | ||
|---|---|---|---|
| 001 | BR9505771 | ||
| 003 | BR-BrBNA | ||
| 005 | 20240918181359.0 | ||
| 007 | ta | ||
| 008 | 230509b bl.||||| |||| 00| 0 por d | ||
| 040 |
_aBR-BrBNA _bpor _cBiblioteca Nacional de Agricultura |
||
| 041 | _a(Pt) | ||
| 072 | _aJ11 | ||
| 090 | _aJ11 BR9505771 | ||
| 100 | 1 | _aLazzari, F.A. | |
| 111 | 1 |
_a3. Seminario sobre a Cultura do Milho "safrinha" _cAssis, SP (Brazil) _d9-10 Feb 1995 |
|
| 245 | 1 | _aA importancia das micotoxinas na qualidade de graos de milho para alimentacao | |
| 260 | 3 |
_aSao Paulo, SP (Brasil): _c1995. |
|
| 500 | _a3. Seminario sobre a cultura do milho "safrinha". Resumos Sao Paulo, SP (Brasil): 1995. p. 1-8 (BR9505771-AM)J11 | ||
| 650 | _aMilho | ||
| 650 | _aMicotoxina | ||
| 650 | _aGrao | ||
| 650 | _aFungo | ||
| 773 | 0 |
_t3. Seminario sobre a cultura do milho "safrinha". Resumos _wJ11 BR9505771 _gSao Paulo, SP (Brasil), 1995. p. 1-8 |
|
| 909 |
_a202404 _bLucia _c55 _dLucia Elande |
||
| 942 |
_cAM _2AGRIS |
||
| 999 |
_c325029 _d325029 |
||